[Event "Budapest FS09 Nadassy"]
[Site "Budapest"]
[Date "2019.09.17"]
[Round "10.5"]
[White "Monduk, Ferenc"]
[Black "Kaposztas, Miklos"]
[Result "1/2-1/2"]
[WhiteElo "1896"]
[BlackElo "2009"]
[PlyCount "59"]
[EventDate "2019.09.07"]
[EventType "team-schev"]
[EventRounds "10"]
[EventCountry "HUN"]
[SourceTitle "EXT 2020"]
[Source "ChessBase"]
[SourceDate "2019.10.17"]
[SourceVersion "1"]
[SourceVersionDate "2019.10.17"]
[SourceQuality "1"]
[WhiteTeam "B Team Lower Elo"]
[BlackTeam "A Team Higher Elo"]
[WhiteTeamCountry "HUN"]
[BlackTeamCountry "HUN"]

1. d4 Nf6 2. c4 c5 3. e3 g6 4. Nc3 Bg7 5. Nf3 0-0 6. Be2 d5 7. dxc5 Qa5 8. 0-0 dxc4 9. Bxc4 Qxc5 10. Qe2 Bg4 11. Bb3 Nc6 12. h3 Bxf3 13. Qxf3 Rfd8 14. Ne4 Nxe4 15. Qxe4 Rd6 16. Qc4 Qb6 17. Bc2 Na5 18. Qe2 Rc8 19. Rb1 Qc6 20. Bd3 Qd5 21. b4 Qxd3 22. Qxd3 Rxd3 23. bxa5 Rd7 24. Bb2 Bxb2 25. Rxb2 Rc5 26. Rfb1 Rxa5 27. Rxb7 Rxb7 28. Rxb7 Rxa2 29. Rxe7 a5 30. Ra7 1/2-1/2

[Event "Budapest FS09 Nadassy"]
[Site "Budapest"]
[Date "2019.09.14"]
[Round "7.5"]
[White "Kaposztas, Miklos"]
[Black "Montolio Benedicto, Cesar"]
[Result "1/2-1/2"]
[WhiteElo "2009"]
[BlackElo "1806"]
[PlyCount "60"]
[EventDate "2019.09.07"]
[EventType "team-schev"]
[EventRounds "10"]
[EventCountry "HUN"]
[SourceTitle "EXT 2020"]
[Source "ChessBase"]
[SourceDate "2019.10.17"]
[SourceVersion "1"]
[SourceVersionDate "2019.10.17"]
[SourceQuality "1"]
[WhiteTeam "A Team Higher Elo"]
[BlackTeam "B Team Lower Elo"]
[WhiteTeamCountry "HUN"]
[BlackTeamCountry "HUN"]

1. c4 Nf6 2. Nc3 g6 3. e4 d6 4. d4 Bg7 5. Nge2 0-0 6. Ng3 h5 7. h4 c5 8. d5 Nbd7 9. Be2 Ne5 10. f3 Bd7 11. Nf1 a6 12. Ne3 Qc8 13. a3 Rb8 14. a4 b5 15. axb5 axb5 16. cxb5 c4 17. Ra4 Bxb5 18. Nxb5 Rxb5 19. Nxc4 Nxc4 20. Rxc4 Qb7 21. 0-0 Nd7 22. Kh1 Bxb2 23. Rc7 Qxc7 24. Bxb5 Qxc1 25. Qxc1 Bxc1 26. Bxd7 Bf4 27. g4 Rd8 28. Bc6 Kg7 29. gxh5 gxh5 30. Rb1 Kf6 1/2-1/2

[Event "HUN-chT2 Maroczy 1819"]
[Site "Hungary"]
[Date "2019.01.27"]
[Round "6.8"]
[White "Kahn, Evarth"]
[Black "Kaposztas, Miklos"]
[Result "1/2-1/2"]
[WhiteElo "2231"]
[BlackElo "2016"]
[PlyCount "45"]
[EventDate "2018.09.23"]
[EventType "team-tourn"]
[EventRounds "11"]
[EventCountry "HUN"]
[SourceTitle "EXT 2020"]
[Source "ChessBase"]
[SourceDate "2019.10.17"]
[SourceVersion "1"]
[SourceVersionDate "2019.10.17"]
[SourceQuality "1"]
[WhiteTeam "Szigetszentmiklos"]
[BlackTeam "Budapest Vasas"]
[WhiteTeamCountry "HUN"]
[BlackTeamCountry "HUN"]

1. d4 Nf6 2. c4 e5 3. dxe5 Ng4 4. Bf4 Nc6 5. Nf3 Bb4+ 6. Nbd2 Qe7 7. a3 Ngxe5 8. Nxe5 Nxe5 9. e3 Bxd2+ 10. Qxd2 0-0 11. Be2 Re8 12. 0-0 d6 13. Bxe5 Qxe5 14. Bf3 Bd7 15. Qd4 Bc6 16. Qxe5 Rxe5 17. Rfd1 Bxf3 18. gxf3 Rg5+ 19. Kf1 Rh5 20. Kg2 Rg5+ 21. Kf1 Rh5 22. Kg2 Rg5+ 23. Kf1 1/2-1/2

[Event "HUN-chT2 Maroczy 1819"]
[Site "Hungary"]
[Date "2018.10.07"]
[Round "2.9"]
[White "Kaposztas, Miklos"]
[Black "Kovacs, Istvan"]
[Result "1/2-1/2"]
[WhiteElo "2016"]
[BlackElo "2115"]
[PlyCount "27"]
[EventDate "2018.09.23"]
[EventType "team-tourn"]
[EventRounds "11"]
[EventCountry "HUN"]
[SourceTitle "EXT 2020"]
[Source "ChessBase"]
[SourceDate "2019.10.17"]
[SourceVersion "1"]
[SourceVersionDate "2019.10.17"]
[SourceQuality "1"]
[WhiteTeam "Budapest Vasas"]
[BlackTeam "Dunaharaszti II"]
[WhiteTeamCountry "HUN"]
[BlackTeamCountry "HUN"]

1. c4 c5 2. Nf3 Nc6 3. g3 g6 4. Bg2 Bg7 5. 0-0 e5 6. d3 Nge7 7. Na3 0-0 8. Nc2 d5 9. cxd5 Nxd5 10. Rb1 Re8 11. a3 h6 12. Bd2 Be6 13. b4 cxb4 14. Nxb4 1/2-1/2

[Event "Budapest-chT1 Lilienthal 1718"]
[Site "Budapest"]
[Date "2018.01.14"]
[Round "6"]
[White "Kaposztas, Miklos"]
[Black "Marton, Denes"]
[Result "0-1"]
[WhiteElo "2100"]
[BlackElo "2005"]
[PlyCount "62"]
[EventDate "2017.10.01"]
[EventType "team-tourn"]
[EventRounds "13"]
[EventCountry "HUN"]
[SourceTitle "EXT 2021"]
[Source "ChessBase"]
[SourceDate "2020.10.23"]
[SourceVersion "1"]
[SourceVersionDate "2020.10.23"]
[SourceQuality "1"]
[WhiteTeam "Budapest Vasas II"]
[BlackTeam "Budapest EAC II"]
[WhiteTeamCountry "HUN"]
[BlackTeamCountry "HUN"]

1. c4 Nf6 2. g3 g6 3. Bg2 Bg7 4. Nf3 0-0 5. 0-0 d6 6. d4 Nbd7 7. Nc3 e5 8. e4 a5 9. h3 c6 10. b3 Re8 11. Ba3 exd4 12. Nxd4 Nc5 13. Re1 Nfd7 14. Nde2 Qf6 15. f4 Rb8 16. Rb1 b5 17. cxb5 cxb5 18. Nd5 Qd8 19. Nd4 Bb7 20. Bb2 Bxd5 21. exd5 Qb6 22. Rxe8+ Rxe8 23. Qf1 Ne4 24. Qd3 Nxg3 25. Kh2 Nh5 26. Qxb5 Bxd4 27. Qxd7 Re2 28. Bxd4 Qxd4 29. Qxd6 Nxf4 30. Rc1 Rxg2+ 31. Kh1 Rh2+ 0-1

[Event "Budapest-chT1 Lilienthal 1718"]
[Site "Budapest"]
[Date "2017.11.19"]
[Round "4"]
[White "Kaposztas, Miklos"]
[Black "Harmatosi, Jozsef"]
[Result "1/2-1/2"]
[WhiteElo "2100"]
[BlackElo "2137"]
[PlyCount "29"]
[EventDate "2017.10.01"]
[EventType "team-tourn"]
[EventRounds "13"]
[EventCountry "HUN"]
[SourceTitle "EXT 2021"]
[Source "ChessBase"]
[SourceDate "2020.10.23"]
[SourceVersion "1"]
[SourceVersionDate "2020.10.23"]
[SourceQuality "1"]
[WhiteTeam "Budapest Vasas II"]
[BlackTeam "Siraly"]
[WhiteTeamCountry "HUN"]
[BlackTeamCountry "HUN"]

1. e4 Nc6 2. d3 e5 3. Nf3 d6 4. Be2 Nf6 5. 0-0 Be7 6. c3 0-0 7. Qc2 Bg4 8. Nbd2 Nd7 9. Nc4 f5 10. exf5 Bxf5 11. Qb3 Nc5 12. Qd1 e4 13. dxe4 Bxe4 14. Ncd2 Bg6 15. Nc4 1/2-1/2

[Event "Budapest-chT1 Lilienthal 1718"]
[Site "Budapest"]
[Date "2017.10.01"]
[Round "1"]
[White "Kaposztas, Miklos"]
[Black "Kiss, Istvan Gyorgy"]
[Result "1/2-1/2"]
[WhiteElo "2100"]
[BlackElo "2091"]
[PlyCount "26"]
[EventDate "2017.10.01"]
[EventType "team-tourn"]
[EventRounds "13"]
[EventCountry "HUN"]
[SourceTitle "EXT 2021"]
[Source "ChessBase"]
[SourceDate "2020.10.23"]
[SourceVersion "1"]
[SourceVersionDate "2020.10.23"]
[SourceQuality "1"]
[WhiteTeam "Budapest Vasas II"]
[BlackTeam "Palota Sakk"]
[WhiteTeamCountry "HUN"]
[BlackTeamCountry "HUN"]

1. c4 f5 2. g3 Nf6 3. Bg2 e6 4. Nc3 Be7 5. d4 d5 6. Nf3 c6 7. b3 Ne4 8. Qc2 Nd7 9. 0-0 0-0 10. Bb2 Bd6 11. cxd5 exd5 12. e3 Qe7 13. Ne1 Ndf6 1/2-1/2

[Event "Eger Agria op 41th"]
[Site "Eger"]
[Date "2017.07.18"]
[Round "3"]
[White "Kaposztas, Miklos"]
[Black "Schmidt, Gabor"]
[Result "1-0"]
[WhiteElo "2050"]
[BlackElo "1724"]
[PlyCount "87"]
[EventDate "2017.07.17"]
[EventType "swiss"]
[EventRounds "9"]
[EventCountry "HUN"]
[SourceTitle "EXT 2020"]
[Source "ChessBase"]
[SourceDate "2019.10.17"]
[SourceVersion "1"]
[SourceVersionDate "2019.10.17"]
[SourceQuality "1"]

1. c4 Nf6 2. d4 e6 3. Nc3 Bb4 4. Qc2 0-0 5. Nf3 d5 6. a3 Bxc3+ 7. Qxc3 b6 8. g3 Ne4 9. Qc2 Bb7 10. Bg2 Nd7 11. 0-0 Rc8 12. cxd5 Bxd5 13. Ne5 Nxe5 14. Bxe4 Bxe4 15. Qxe4 Nc4 16. Qd3 Nd6 17. Rd1 Qf6 18. Bf4 Rfd8 19. Qa6 Qe7 20. Rac1 g5 21. Bxd6 Qxd6 22. Rd3 Ra8 23. Qb5 f6 24. Rc6 a6 25. Qc4 Qd5 26. Qxd5 Rxd5 27. Rxe6 Kf7 28. Rc6 Rd7 29. e3 a5 30. Rdc3 Ra7 31. Kf1 b5 32. R3c5 Rb7 33. Ra6 b4 34. Raxa5 bxa3 35. bxa3 Rd6 36. Rab5 Rxb5 37. Rxb5 Ra6 38. Rb7 Rxa3 39. Rxc7+ Kg6 40. g4 h5 41. h3 Ra1+ 42. Kg2 Rd1 43. Rd7 Kh6 44. Rd6 1-0

[Event "HUN-chT2 Maroczy 1516"]
[Site "Hungary"]
[Date "2016.03.20"]
[Round "7.11"]
[White "Kaposztas, Miklos"]
[Black "Engel, Ferenc"]
[Result "1-0"]
[WhiteElo "2141"]
[BlackElo "1880"]
[PlyCount "39"]
[EventDate "2015.10.18"]
[EventType "team-tourn"]
[EventRounds "9"]
[EventCountry "HUN"]
[SourceTitle "EXT 2017"]
[Source "ChessBase"]
[SourceDate "2016.10.25"]
[SourceVersion "1"]
[SourceVersionDate "2016.10.25"]
[SourceQuality "1"]
[WhiteTeam "Vasas"]
[BlackTeam "MLTC"]
[WhiteTeamCountry "HUN"]
[BlackTeamCountry "HUN"]

1. c4 c5 2. Nf3 Nc6 3. g3 g6 4. Bg2 Bg7 5. 0-0 Nf6 6. d4 cxd4 7. Nxd4 0-0 8. Nc3 Nxd4 9. Qxd4 Nh5 10. Qd2 Qa5 11. Nd5 Qxd2 12. Nxe7+ Kh8 13. Bxd2 Re8 14. Bb4 Bxb2 15. Rad1 Rb8 16. Bd6 Ra8 17. c5 Bf6 18. Nxc8 Rxe2 19. Bxb7 Rxc8 20. Bxc8 1-0

[Event "HUN-chT2 Maroczy 1516"]
[Site "Hungary"]
[Date "2015.11.08"]
[Round "2.11"]
[White "Kaposztas, Miklos"]
[Black "Ongut, Tamas Gunes"]
[Result "1-0"]
[WhiteElo "2141"]
[BlackElo "1845"]
[PlyCount "39"]
[EventDate "2015.10.18"]
[EventType "team-tourn"]
[EventRounds "9"]
[EventCountry "HUN"]
[SourceTitle "CBM 170 Extra"]
[Source "ChessBase"]
[SourceDate "2016.02.25"]
[SourceVersion "1"]
[SourceVersionDate "2016.02.25"]
[SourceQuality "1"]
[WhiteTeam "Vasas"]
[BlackTeam "Magyar Sakkvilag"]
[WhiteTeamCountry "HUN"]
[BlackTeamCountry "HUN"]

1. c4 Nf6 2. Nc3 g6 3. e4 d6 4. d4 Bg7 5. Nge2 0-0 6. Ng3 e5 7. d5 Nbd7 8. Be2 a5 9. h4 h5 10. Bg5 Nc5 11. Bxh5 gxh5 12. Nxh5 Ncd7 13. Qf3 Qe8 14. Nxf6+ Nxf6 15. Bxf6 Bxf6 16. Qxf6 Bd7 17. h5 Kh7 18. g4 Bxg4 19. Rg1 Qd7 20. f3 1-0

[Event "HUN-chT2 Maroczy 1415"]
[Site "Hungary"]
[Date "2015.03.22"]
[Round "8"]
[White "Kaposztas, Miklos"]
[Black "Marjanovic, Annamaria"]
[Result "1/2-1/2"]
[WhiteElo "2120"]
[BlackElo "2175"]
[PlyCount "31"]
[EventDate "2014.10.12"]
[EventType "team-tourn"]
[EventRounds "9"]
[EventCountry "HUN"]
[SourceTitle "EXT 2016"]
[Source "ChessBase"]
[SourceDate "2015.10.08"]
[SourceVersion "1"]
[SourceVersionDate "2015.10.08"]
[SourceQuality "1"]
[WhiteTeam "Vasas"]
[BlackTeam "Kobanya Aquarena"]
[WhiteTeamCountry "HUN"]
[BlackTeamCountry "HUN"]

1. d4 Nf6 2. c4 e6 3. Nc3 Bb4 4. Nf3 b6 5. Qb3 a5 6. g3 Bb7 7. Bg2 Ne4 8. 0-0 Bxc3 9. bxc3 0-0 10. Qc2 Ra7 11. Rb1 f5 12. h4 h6 13. Nd2 Nxd2 14. Bxd2 Ba6 15. Qb3 Qe7 16. Rfe1 1/2-1/2

[Event "HUN-chT2 Maroczy 1415"]
[Site "Hungary"]
[Date "2015.02.08"]
[Round "6"]
[White "Kaposztas, Miklos"]
[Black "Nemeth, Henrietta"]
[Result "1-0"]
[WhiteElo "2120"]
[BlackElo "1697"]
[PlyCount "63"]
[EventDate "2014.10.12"]
[EventType "team-tourn"]
[EventRounds "9"]
[EventCountry "HUN"]
[SourceTitle "EXT 2016"]
[Source "ChessBase"]
[SourceDate "2015.10.08"]
[SourceVersion "1"]
[SourceVersionDate "2015.10.08"]
[SourceQuality "1"]
[WhiteTeam "Vasas"]
[BlackTeam "Magyar Sakkvilag"]
[WhiteTeamCountry "HUN"]
[BlackTeamCountry "HUN"]

1. c4 e5 2. g3 Nf6 3. Bg2 Nc6 4. Nc3 Bc5 5. e3 d6 6. Nge2 Be6 7. d4 Bb6 8. d5 Bd7 9. dxc6 bxc6 10. 0-0 h5 11. Qa4 h4 12. Bxc6 Rb8 13. Bxd7+ Nxd7 14. Qc6 hxg3 15. hxg3 Qg5 16. Qg2 Qh5 17. Bd2 Nf6 18. f3 Qg5 19. Kf2 e4 20. Nxe4 Nxe4+ 21. fxe4 Qf6+ 22. Nf4 Qxb2 23. Kf3 Qf6 24. Rac1 Kd7 25. Bc3 Qg5 26. Rfd1 Rbe8 27. Rd5 Qe7 28. Qc2 c6 29. Rd2 f5 30. e5 Qf7 31. Rxd6+ Kc7 32. Qa4 1-0